=LDR 00000nam 2200000 4500 =001 INLIS000000000034061 =005 20140428125425.0 =006 =007 =008 ind =035 ##$$0010-061300000034061 =041 ##$$a ind =082 ##$$a 639. 543 =090 ##$$a 639. 543, Hal u =100 ##$$a Haliman, Rubianto Widodo =245 ##$$a Udang Vannamei, Rubiyanto Widodo, Haliman, Dian adidaya S =260 ##$$a 2008 $b Jakarta =650 ##$$a Udang - Budidaya =650 ##$$a Adidaya S =650 ##$$a Dian =850 ##$$a NBPNMAT =990 ##$$a 0001/BPAP-NTB/20142014 =990 ##$$a 0001/BPAP-NTB/20142014 =990 ##$$a 0001/BPAP-NTB/20142015